| 000 | 02038nam a2200433 i 4500 | ||
|---|---|---|---|
| 001 | 155390 | ||
| 003 | ES-MaACL | ||
| 005 | 20250830063107.0 | ||
| 008 | 931025e1794 sp |r 001 0 spa | ||
| 040 |
_aPAB _bspa _cES-MaACL |
||
| 080 | _a572 | ||
| 080 | _a113/119 | ||
| 080 | _a57"17" | ||
| 080 | _a37"17" | ||
| 100 | 1 |
_aHervás, Lorenzo, _d1735-1809 _eaut _963423 |
|
| 245 | 1 | 0 |
_aHistoria de la vida del hombre. _nTomo III. _nParte II. _pPubertad y Juventud del hombre / _csu autor el abate don Lorenzo Hervás y Panduro, Sócio de la Real Académia de las Ciencias y Antigüedades de Dublin, y de la Etrusca de Cortona |
| 246 | 1 | _aPubertad y juventud del hombre | |
| 260 |
_aMadrid : _bEn la Imprenta Real, _c1794 |
||
| 300 |
_a[2], 343, [1] páginas ; _c4º |
||
| 500 | _aÍndice | ||
| 505 | 0 | _aFilosofía; Matemática; Medicina | |
| 530 | _aDisponible en formato digital | ||
| 594 | _aTítulo en anteportada: "Historia de la vida del hombre, ó Idea del universo; baxo de cuyo titulo se publicó en italiano" | ||
| 596 | _aMarca tipográfica (anónima según Vindel, 696) en portada | ||
| 597 | 1 | _aSign.:[ ]1, A-Z4, 2A-2V4. | |
| 650 | 4 |
_aHombre _913451 |
|
| 650 | 7 |
_aAntropología filosófica- _vObras anteriores a 1800 _9147426 |
|
| 650 | 4 |
_aBiología- _vObras anteriores a 1800. _9157398 |
|
| 650 | 0 | 4 |
_aEducación- _vObras anteriores a 1800. _912084 |
| 710 | 2 |
_aImprenta Real (Madrid) _9134468 |
|
| 740 | 3 | 2 | _aEl hombre en las ciencias mayores y su instrucción moral y civil en las edades de la pubertad y de la juventud |
| 752 |
_aEspaña - _dMadrid |
||
| 852 | 4 |
_aES-MaACL _cDEPO _dOlim: G-2562-68 _jR-822-28 _xPasta española |
|
| 856 | 4 |
_uhttps://patrimoniodigital.ucm.es/s/patrimonio/item/621399 _yVersión en línea _z(Patrimonio Digital Complutense) |
|
| 856 | 4 |
_uhttps://repositorio.bde.es/handle/123456789/35230 _yVersión en línea _z(Repositorio Institucional del Banco de España) |
|
| 942 |
_cMONANT _n0 |
||
| 999 |
_c155390 _d155390 |
||